[Event "ch-RUS HL"]
[Site "Ulan Ude RUS"]
[Date "2009.09.10"]
[Round "8"]
[White "Motylev,A"]
[Black "Frolyanov,D"]
[Result "1/2-1/2"]
[WhiteElo "2710"]
[BlackElo "2557"]

1.e4 c5 2.Nf3 Nc6 3.Bb5 d6 4.O-O Bd7 5.Re1 Nf6 6.c3 a6 7.Ba4 b5 8.Bc2 Bg4
9.a4 Rb8 10.axb5 axb5 11.d4 cxd4 12.cxd4 e5 13.d5 Nd4 14.Bd3 g6 15.Be3 Bxf3
16.gxf3 Nd7 17.f4 Bg7 18.Bxd4 exd4 19.Na3 O-O 20.Nxb5 Qh4 21.Qf3 Bh6 22.Qg3 Qxf4
23.Qxf4 Bxf4 24.Nxd4 Rxb2 25.Rab1 Ra2 26.Nc6 Ne5 27.Nxe5 Bxe5 28.Bc4 Ra3
29.Rb3 Rxb3 30.Bxb3 Rb8 31.Rb1 Rb4 32.Bc2 Rc4 33.Bd3 Rc3 34.Rd1 Rb3 35.h3 Rb2
36.Kf1 Kg7 37.Rb1 Rd2 38.Be2 Rd4 39.Bf3 Rd3 40.Kg2 Rd2 41.Re1 Ra2 42.Re2 Ra1
43.Rc2 h5 44.Be2 Kf6 45.Rc7 Ra2 46.Kf1 Bd4 47.Rd7 Bc5 48.Rc7 h4 49.e5+ Kxe5
50.Rxf7 Ra7 51.Rxa7 Bxa7 52.Bf3 Bc5 53.Ke2 Ba7 54.Kf1 Bc5 55.Ke2 Ba7 56.Kf1 Bc5  1/2-1/2

[Event "ch-RUS HL"]
[Site "Ulan Ude RUS"]
[Date "2009.09.11"]
[Round "9"]
[White "Khairullin,I"]
[Black "Motylev,A"]
[Result "1/2-1/2"]
[WhiteElo "2604"]
[BlackElo "2710"]

1.d4 d5 2.c4 c6 3.Nf3 Nf6 4.e3 Bf5 5.Nc3 e6 6.Nh4 Bg6 7.Nxg6 hxg6 8.a3 Nbd7
9.g3 Be7 10.b3 Ne4 11.Nxe4 dxe4 12.Qg4 Qa5+ 13.Bd2 Qf5 14.Qxf5 gxf5 15.Bg2 O-O-O
16.Ba5 b6 17.Bc3 Rh7 18.Bb2 Nf6 19.h3 g5 20.O-O-O f4 21.exf4 gxf4 22.Rhe1 Rg8
23.d5 fxg3 24.fxg3 Rxg3 25.Bxe4 Nxe4 26.Rxe4 Bg5+ 27.Kb1 Rxb3 28.dxe6 fxe6
29.Rxe6 Kb7 30.h4 Bxh4 31.Rh1 Rxb2+ 32.Kxb2 Bf6+ 33.Rxf6 Rxh1 34.Rf7+ Ka6
35.Rc7 c5 36.Kb3 Rh3+ 37.Kb2 Rh8 38.Kb3 Rd8 39.Kc2 Ra8 40.Kb3 Ka5 41.Rg7 a6
42.Rg6 Rb8 43.Rh6 Re8 44.Rg6 Re3+ 45.Kb2 Re4 46.Kb3 b5 47.cxb5 Kxb5 48.Rg3 a5
49.Rg2 Re3+ 50.Kb2 a4 51.Rg4 Re2+ 52.Kc1 Re3 53.Kb2 Rd3 54.Rh4 Rd2+ 55.Kc1 Rd4
56.Rh3 Re4 57.Kd2 Rf4 58.Kc2 Rc4+ 59.Kd2 Re4 60.Kd3 Rg4 61.Kc2 Rg2+ 62.Kc1 Ra2
63.Kb1 Re2 64.Rh4 Rd2 65.Kc1 Rd4 66.Rh3 Rf4 67.Kc2 Rf2+ 68.Kc1 Kc4 69.Rh4+ Kb3
70.Rh3+ Kc4 71.Rh4+ Kc3 72.Rh3+ Kd4 73.Rh4+ Kd3 74.Rh3+ Ke4 75.Rh4+ Rf4 76.Rh2 Rf3
77.Kb2 Rb3+ 78.Ka2 Re3 79.Rh4+ Kd3 80.Rxa4 c4 81.Ra8 Re2+ 82.Kb1 Re1+ 83.Ka2 c3
84.Rd8+ Kc2 85.a4 Kc1 86.Kb3 c2 87.a5 Re3+ 88.Kb4 Kb2 89.Rd2 Rb3+ 90.Kc5 Rc3+
91.Kb6 Kb3 92.Rxc2 Rxc2 93.a6 Ra2 94.a7 Rxa7 95.Kxa7  1/2-1/2

[Event "ch-RUS HL"]
[Site "Ulan Ude RUS"]
[Date "2009.09.13"]
[Round "11"]
[White "Sjugirov,S"]
[Black "Motylev,A"]
[Result "1-0"]
[WhiteElo "2585"]
[BlackElo "2710"]

1.e4 e5 2.Nf3 Nf6 3.Nxe5 d6 4.Nf3 Nxe4 5.Nc3 Nxc3 6.dxc3 Be7 7.Bf4 Nc6 8.Qd2 Be6
9.O-O-O Qd7 10.Ng5 Bxg5 11.Bxg5 O-O 12.Kb1 a5 13.h4 f6 14.Bf4 Qf7 15.a4 h5
16.f3 Ne5 17.Be2 Rae8 18.Rde1 Bf5 19.Ka1 Kh8 20.Rhg1 Bh7 21.b3 c6 22.c4 d5
23.cxd5 cxd5 24.g4 hxg4 25.fxg4 Rc8 26.Rc1 d4 27.Bxe5 fxe5 28.g5 Qf4 29.Qd1 Be4
30.g6 Rf6 31.Bd3 Bxd3 32.Qxd3 Qf3 33.Qb5 Qc3+ 34.Kb1 Qc5 35.Qe2 Kg8 36.Qh5 Qd5
37.Rg5 Rf3 38.Qh7+ Kf8 39.Qh8+ Ke7 40.Rxe5+ Qxe5 41.Qxc8 Qe4 42.Qc5+ Ke6
43.Qc4+ Qd5 44.Qc8+ Ke5 45.Rg1 Kf4 46.Qg4+ Ke3 47.Kc1  1-0

[Event "World Cup"]
[Site "Khanty-Mansiysk RUS"]
[Date "2009.11.22"]
[Round "1.2"]
[White "Motylev,A"]
[Black "Hess,Ro"]
[Result "1-0"]
[WhiteElo "2695"]
[BlackElo "2572"]

1.e4 e5 2.Nf3 Nc6 3.Bb5 a6 4.Bxc6 dxc6 5.O-O f6 6.d4 Bg4 7.dxe5 Qxd1 8.Rxd1 fxe5
9.Rd3 Bd6 10.Nbd2 Nf6 11.b3 O-O 12.Bb2 Rae8 13.Re1 b5 14.g3 Bh3 15.Ng5 Bc8
16.Kg2 h6 17.Ngf3 g5 18.c4 Nd7 19.h3 Rf7 20.Nh2 h5 21.Ndf3 Nc5 22.Rd2 bxc4
23.bxc4 Rg7 24.h4 g4 25.Ng5 Na4 26.Red1 Nxb2 27.Rxb2 Bc5 28.Rb8 Rg6 29.Nf1 Rf6
30.Ne3 Ref8 31.Nf5 Bxf5 32.Rxf8+ Rxf8 33.exf5 Bd4 34.Ne6 Rb8 35.Rd2 Kf7 36.Nxd4 exd4
37.Rxd4 Ke7 38.Re4+ Kf6 39.Re6+ Kxf5 40.Rxc6 Rb4  1-0

[Event "Open A"]
[Site "Moscow RUS"]
[Date "2010.01.30"]
[Round "1"]
[White "Konovalov,N"]
[Black "Motylev,A"]
[Result "0-1"]
[WhiteElo "2439"]
[BlackElo "2697"]

1.d4 Nf6 2.c4 e6 3.Nc3 Bb4 4.f3 O-O 5.e4 d5 6.e5 Nfd7 7.a3 Bxc3+ 8.bxc3 dxc4
9.f4 Nb6 10.Nf3 Bd7 11.a4 a5 12.Ba3 Re8 13.Bc5 Nd5 14.Bxc4 Ne3 15.Qe2 Nxc4
16.Qxc4 Bc6 17.O-O Qd5 18.Qe2 Nd7 19.c4 Qe4 20.Qxe4 Bxe4 21.Kf2 Rad8 22.Ke3 Bc6
23.Rfb1 f6 24.Rb2 b6 25.Ba3 Bxa4 26.Bd6 cxd6 27.Rxa4 dxe5 28.fxe5 Rc8 29.Rb5 Rc7
30.exf6 gxf6 31.c5 bxc5 32.dxc5 Nxc5 33.Rc4 Rec8 34.Rxa5 Nd7 35.Rxc7 Rxc7
36.Nd4 Kf7 37.Ra6 Nf8 38.Kf2 Rd7 39.Nf3 e5 40.g4 Ne6 41.Ra2 Rb7 42.h4 Rc7
43.Ra4 Nf4 44.g5 Rc2+ 45.Ke1 Nd3+ 46.Kd1 Rf2 47.Ra7+ Kg6 48.h5+ Kxh5 49.Rxh7+ Kg4
50.g6 Kxf3 51.Rh3+ Kf4 52.Rg3  0-1

[Event "Open A"]
[Site "Moscow RUS"]
[Date "2010.02.04"]
[Round "6"]
[White "Motylev,A"]
[Black "Bareev,E"]
[Result "0-1"]
[WhiteElo "2697"]
[BlackElo "2643"]

1.e4 c6 2.d4 d5 3.e5 Bf5 4.Nd2 e6 5.Nb3 c5 6.Nxc5 Bxc5 7.dxc5 Qa5+ 8.c3 Qxc5
9.Nf3 Nd7 10.Nd4 Ne7 11.Bf4 Bg6 12.h4 h5 13.Be2 Nc6 14.Qa4 O-O 15.Nxc6 bxc6
16.Rh3 a5 17.Qd1 Qb6 18.b3 a4 19.b4 c5 20.a3 d4 21.Bxh5 dxc3 22.Bxg6 fxg6
23.Be3 Qc6 24.Qd6 Qxg2 25.Qxe6+ Rf7 26.O-O-O Nf8 27.Rg3 Qb7 28.Qc4 cxb4 29.Qxb4 Qa6
30.Rg4 c2 31.Rdd4 Rc8 32.Rc4 Rfc7 33.Qxa4 Qxc4 34.Rxc4 Rxc4 35.Qb3 Ne6 36.f4 Kh8
37.h5 Nd4 38.Qd3 Rc3 39.Qxd4 Rb3 40.Qb6 Rxb6 41.Bxb6 gxh5 42.Bf2 Kg8 43.f5 Rc4  0-1

[Event "Open A"]
[Site "Moscow RUS"]
[Date "2010.02.06"]
[Round "8"]
[White "Motylev,A"]
[Black "Chernyshov,K"]
[Result "0-1"]
[WhiteElo "2697"]
[BlackElo "2556"]

1.e4 e6 2.d4 b6 3.Nf3 Bb7 4.Bd3 Nf6 5.Qe2 d5 6.e5 Nfd7 7.h4 c5 8.c3 Nc6 9.Bg5 Be7
10.Na3 a6 11.Rc1 b5 12.O-O h6 13.Bxe7 Qxe7 14.h5 O-O 15.Bb1 f5 16.exf6 Rxf6
17.Rfe1 Raf8 18.Qd3 g5 19.Re3 b4 20.Nc2 a5 21.Rce1 c4 22.Qe2 Nd8 23.Rf1 Nc6
24.Nh2 b3 25.axb3 cxb3 26.Na1 a4 27.Ng4 Nd8 28.Nxf6+ Nxf6 29.Re1 Bc6 30.Bg6 Be8
31.Bf5 Bd7 32.Bd3 Qd6 33.Rf3 Kg7 34.g3 Be8 35.Bg6 Bxg6 36.hxg6 Qc6 37.Qe5 Kxg6
38.Kg2 Qd7 39.Qe2 Kg7 40.Qa6 Rf7 41.Re2 Re7 42.Rfe3 Ng4 43.Rd3 Qc6 44.Qa5 Nb7
45.Qb4 Nd6 46.Nxb3 axb3 47.Qxb3 Nf5 48.Rf3 Rf7 49.Qb8 e5 50.Rxe5 Nxe5 51.Qxe5+ Kg6
52.Kg1 Qd7 53.c4 dxc4 54.g4 Nd6  0-1

[Event "Open A"]
[Site "Moscow RUS"]
[Date "2010.02.07"]
[Round "9"]
[White "Shimanov,A"]
[Black "Motylev,A"]
[Result "0-1"]
[WhiteElo "2535"]
[BlackElo "2697"]

1.d4 d5 2.c4 c6 3.Nf3 Nf6 4.Nc3 e6 5.Bg5 h6 6.Bxf6 Qxf6 7.e3 g6 8.Bd3 Bg7
9.O-O O-O 10.e4 dxe4 11.Nxe4 Qd8 12.Qd2 f5 13.Nc3 g5 14.Qe3 g4 15.Ne5 c5
16.Ne2 Qg5 17.f4 gxf3 18.Rxf3 cxd4 19.Nxd4 Nd7 20.Nxe6 Qxe3+ 21.Rxe3 Bxe5
22.Rf1 Re8 23.Nc7 Bd4 24.Nxe8 Bxe3+ 25.Kh1 f4 26.Nd6 Ne5 27.Be4 Be6 28.b3 Rd8
29.Nxb7 Rd2 30.a4 f3 31.h3 f2 32.g4 h5  0-1

[Event "9th Aeroflot Open A"]
[Site "Moscow RUS"]
[Date "2010.02.10"]
[Round "2"]
[White "Motylev,A"]
[Black "Pashikian,A"]
[Result "1/2-1/2"]
[WhiteElo "2697"]
[BlackElo "2647"]

1.e4 e5 2.Nf3 Nc6 3.Bb5 Nf6 4.O-O Nxe4 5.d4 Nd6 6.Bxc6 dxc6 7.dxe5 Nf5 8.Qxd8+ Kxd8
9.Nc3 Ke8 10.Ne2 b6 11.Re1 c5 12.Bf4  1/2-1/2

[Event "9th Aeroflot Open A"]
[Site "Moscow RUS"]
[Date "2010.02.12"]
[Round "4"]
[White "Motylev,A"]
[Black "Zhou Jianchao"]
[Result "1/2-1/2"]
[WhiteElo "2697"]
[BlackElo "2632"]

1.e4 e5 2.Nf3 Nc6 3.Bb5 Nf6 4.O-O Nxe4 5.d4 Nd6 6.dxe5 Nxb5 7.a4 Nbd4 8.Nxd4 Nxd4
9.Qxd4 d5 10.Qd3 g6 11.Be3 Bg7 12.Nc3 Be6 13.Qb5+ Qd7 14.Qxb7 O-O 15.Bxa7 Bxe5
16.Rfe1 Bxc3 17.bxc3 c5 18.Qxd7 Bxd7 19.Bxc5 Rfc8 20.Bd4 Bxa4 21.Ra2 Bd7
22.Rxa8 Rxa8 23.h4 Bf5 24.Rb1 Kf8 25.Rb5 Be6 26.h5 gxh5 27.c4 dxc4 28.Rxh5 Rd8
29.Bf6 Rd1+ 30.Kh2 Kg8 31.Rg5+ Kf8 32.Rb5 Bd7 33.Rb8+ Be8 34.Bc3 Ke7 35.Rb4 f5
36.Rxc4 Ke6 37.Bd4 Kd5 38.Rc8 Rxd4 39.Rxe8 Rc4 40.Re2 Rc3 41.f3 Rc4 42.Kh3 Kd6
43.g4 fxg4+ 44.fxg4 h6 45.Kg3 Kd7 46.Kf3 Kd6 47.Kg3 Kd7 48.Kh3 Kd6 49.Kh4 Rc5
50.Rh2 Ke7 51.Kg3 Kf7 52.Kf4 Kg6 53.Ke4 Rc4+ 54.Kd5 Rxg4 55.c4 h5 56.c5 h4
57.c6 Kh5 58.c7 Rg8 59.Ke6 Rc8 60.Kd7 Rxc7+ 61.Kxc7 Kg4 62.Kd6 Kg3 63.Ra2 h3
64.Ke5 h2 65.Rxh2  1/2-1/2

[Event "9th Aeroflot Open A"]
[Site "Moscow RUS"]
[Date "2010.02.13"]
[Round "5"]
[White "Van Wely,L"]
[Black "Motylev,A"]
[Result "1/2-1/2"]
[WhiteElo "2641"]
[BlackElo "2697"]

1.Nf3 d5 2.d4 Nf6 3.c4 c6 4.Nc3 dxc4 5.a4 e6 6.e3 c5 7.Bxc4 Nc6 8.O-O Be7
9.Qe2 cxd4 10.Nxd4 Bd7 11.Rd1 Nxd4 12.exd4 Bc6 13.d5 exd5 14.Nxd5 Nxd5 15.Bxd5 Bxd5
16.Qb5+ Qd7 17.Rxd5 Qxb5 18.axb5 O-O 19.Be3 a6 20.g4 Rfd8 21.Rxd8+ Bxd8 22.Rd1 axb5
23.Rd5 Rc8 24.Kg2 Bf6 25.Rxb5 Rc7 26.Kg3 Be7 27.h4 f6 28.f4 Kf7 29.Kf3 g6
30.h5 Bf8 31.Bd4 Rd7 32.Bc3 Be7 33.f5 gxh5 34.gxh5 Bd8 35.Ke4 Re7+ 36.Kf3 Rd7
37.h6 Be7 38.Ke4 Rc7 39.Bd4 Bf8 40.Rb6 Be7 41.b3 Bd8 42.Kd5 Be7 43.b4 Rd7+
44.Kc4 Bd6 45.Kc3 Be7 46.Kd3 Bd8 47.Rb5 Be7 48.Ke4 Bf8 49.Rb6 Be7 50.Bc5 Bd8
51.Rb5 Ke8 52.Bb6 Be7 53.Bd4 Kf7 54.Rb6 Bd8 55.Rb5 Be7 56.Be3 Bf8 57.Rb6 Be7
58.Bc5 Bd8 59.Re6 Bc7 60.b5 Bd8 61.Bd4 Be7 62.Rb6  1/2-1/2

[Event "9th Aeroflot Open A"]
[Site "Moscow RUS"]
[Date "2010.02.14"]
[Round "6"]
[White "Motylev,A"]
[Black "Khalifman,A"]
[Result "1/2-1/2"]
[WhiteElo "2697"]
[BlackElo "2616"]

1.e4 e5 2.Nf3 Nc6 3.Bb5 Bc5 4.O-O Nd4 5.Nxd4 Bxd4 6.c3 Bb6 7.d4 c6 8.Ba4 d6
9.Bc2 Nf6 10.Bg5 h6 11.Bh4 g5 12.Bg3 h5 13.f3 h4 14.Bf2 Be6 15.Bb3  1/2-1/2

[Event "9th Aeroflot Open A"]
[Site "Moscow RUS"]
[Date "2010.02.15"]
[Round "7"]
[White "McShane,L"]
[Black "Motylev,A"]
[Result "1/2-1/2"]
[WhiteElo "2616"]
[BlackElo "2697"]

1.e4 e5 2.Nf3 Nf6 3.Nc3 Nc6 4.Bb5 Bb4 5.O-O O-O 6.d3 d6 7.Bg5 Bxc3 8.bxc3 Bd7
9.Rb1 a6 10.Ba4 Rb8 11.Qc1 h6 12.Bh4 Ne7 13.Bxf6 Bxa4 14.Nh4 Bd7 15.f4 gxf6
16.fxe5 Kh7 17.exf6 Ng6 18.Nf5 Bxf5 19.Rxf5 Ne5 20.d4 Nd7 21.Qe3 Rg8 22.Rbf1 Rg6
23.Rh5 Rxf6 24.e5 dxe5  1/2-1/2

[Event "9th Aeroflot Open A"]
[Site "Moscow RUS"]
[Date "2010.02.16"]
[Round "8"]
[White "Motylev,A"]
[Black "Amonatov,F"]
[Result "1-0"]
[WhiteElo "2697"]
[BlackElo "2634"]

1.e4 c5 2.Nf3 d6 3.d4 cxd4 4.Nxd4 Nf6 5.Nc3 a6 6.Bg5 Nbd7 7.Qe2 Qc7 8.O-O-O e6
9.g4 Be7 10.f4 h6 11.Bxf6 Bxf6 12.h4 Be7 13.Bg2 Nb6 14.g5 Bd7 15.g6 fxg6
16.Bh3 Qc4 17.Qg2 O-O 18.Qxg6 Bf6 19.Bf1 Qc7 20.Rg1 e5 21.Qxh6 exd4 22.e5 dxe5
23.Bd3 dxc3 24.fxe5 Qxe5 25.Qh7+ Kf7 26.Rde1 Qf4+ 27.Kb1 Be6 28.Qh5+ Ke7
29.Qc5+ Kd7 30.Rxe6 Kxe6 31.Qxb6+ Kd7 32.Qxb7+ Kd6 33.Qb6+ Ke7 34.Qc5+ Qd6
35.Re1+ Be5 36.Rxe5+ Kd7 37.Rd5  1-0

[Event "11th EICC Men"]
[Site "Rijeka CRO"]
[Date "2010.03.08"]
[Round "3"]
[White "Motylev,A"]
[Black "Hamitevici,V"]
[Result "1/2-1/2"]
[WhiteElo "2705"]
[BlackElo "2401"]

1.e4 c5 2.Nf3 d6 3.d4 cxd4 4.Nxd4 Nf6 5.Nc3 a6 6.Bg5 e6 7.f4 Be7 8.Qf3 Qc7
9.O-O-O Nbd7 10.g4 h6 11.Bxf6 Bxf6 12.h4 Qb6 13.Nde2 Nc5 14.g5 Be7 15.g6 O-O
16.Qg3 Bd7 17.Bh3 fxg6 18.Qxg6 Bf6 19.e5 dxe5 20.b4 Qxb4 21.Rxd7 Qa3+ 22.Kb1 Qb4+
23.Kc1 Qa3+ 24.Kb1 Qb4+ 25.Kc1  1/2-1/2

[Event "11th EICC Men"]
[Site "Rijeka CRO"]
[Date "2010.03.09"]
[Round "4"]
[White "Boros,De"]
[Black "Motylev,A"]
[Result "0-1"]
[WhiteElo "2485"]
[BlackElo "2705"]

1.e4 d5 2.exd5 Qxd5 3.Nc3 Qd6 4.d4 Nf6 5.Nf3 g6 6.Nb5 Qb6 7.Bf4 Nd5 8.Bd2 c6
9.Na3 Bg7 10.Nc4 Qc7 11.Nce5 O-O 12.Bc4 b5 13.Bb3 a5 14.a4 b4 15.O-O Bb7
16.Qc1 Nd7 17.Bh6 Nxe5 18.Bxd5 Bxh6 19.Qxh6 Ng4 20.Qh4 cxd5 21.Qxg4 Bc8 22.Qg5 Bf5
23.Rfc1 Rfc8 24.Qh6 f6 25.Qe3 Ra6 26.c3 Rc6 27.Nh4 bxc3 28.b3 Re6 29.Qf3 Be4
30.Qh3 Rb6 31.Re1 c2 32.Rac1 f5 33.Qe3 Qc3 34.Qg5 Qxd4 35.Qxe7 Qf6 36.Qxf6 Rxf6
37.f3 g5 38.fxe4 fxe4 39.Nf3 exf3 40.Re5 d4 41.Rd5 f2+ 42.Kf1 Re8  0-1

[Event "11th EICC Men"]
[Site "Rijeka CRO"]
[Date "2010.03.10"]
[Round "5"]
[White "Motylev,A"]
[Black "Godena,M"]
[Result "1-0"]
[WhiteElo "2705"]
[BlackElo "2561"]

1.e4 e5 2.Nf3 Nc6 3.Bb5 g6 4.d4 exd4 5.Bg5 Be7 6.Bxe7 Qxe7 7.Bxc6 Qb4+ 8.c3 Qxb2
9.Ba4 Qxa1 10.O-O b5 11.Bb3 c5 12.Nxd4 cxd4 13.Qxd4 f6 14.e5 Bb7 15.Na3 Qb2
16.exf6 Nh6 17.Qe5+ Kd8 18.Nxb5 Qd2 19.Qc7+ Ke8 20.Nd6+  1-0

[Event "11th EICC Men"]
[Site "Rijeka CRO"]
[Date "2010.03.11"]
[Round "6"]
[White "Motylev,A"]
[Black "Maiorov,N1"]
[Result "1-0"]
[WhiteElo "2705"]
[BlackElo "2510"]

1.e4 e5 2.Nf3 Nc6 3.Bb5 a6 4.Bxc6 dxc6 5.O-O f6 6.d4 exd4 7.Nxd4 c5 8.Ne2 Qxd1
9.Rxd1 Bd7 10.Nbc3 O-O-O 11.Be3 Re8 12.f3 Bc6 13.Kf2 b6 14.a4 Kb7 15.Nf4 Nh6
16.Nh5 Nf7 17.g4 Ne5 18.Bf4 Nc4 19.b3 Ne5 20.Nd5 Rg8 21.c4 Bd6 22.Bg3 Ref8
23.h3 Be8 24.Nhf4 Bf7 25.Ne3 Nc6 26.Ne2 Bxg3+ 27.Nxg3 Rd8 28.Ngf5 Na5 29.Rab1 Rxd1
30.Rxd1 Be6 31.Rd3 b5 32.axb5 axb5 33.cxb5 Nxb3 34.Rc3 Ka7 35.Ne7 Rf8 36.N7d5 Nd4
37.Rxc5 Rc8 38.Rxc7+ Rxc7 39.Nxc7 Bd7 40.Nf5 Nxf5 41.exf5 Kb6 42.Ne6 g6 43.Nf8  1-0

[Event "11th EICC Men"]
[Site "Rijeka CRO"]
[Date "2010.03.12"]
[Round "7"]
[White "Zvjaginsev,V"]
[Black "Motylev,A"]
[Result "1/2-1/2"]
[WhiteElo "2643"]
[BlackElo "2705"]

1.e4 c6 2.d4 d5 3.Nd2 dxe4 4.Nxe4 Bf5 5.Nc5 Nd7 6.Bd3 Bxd3 7.Nxd3 Ngf6 8.Nf3 e6
9.O-O Be7 10.c4 O-O 11.Be3 Qa5 12.h3  1/2-1/2

[Event "11th EICC Men"]
[Site "Rijeka CRO"]
[Date "2010.03.14"]
[Round "8"]
[White "Motylev,A"]
[Black "Iordachescu,V"]
[Result "1/2-1/2"]
[WhiteElo "2705"]
[BlackElo "2621"]

1.e4 e5 2.Nf3 Nc6 3.Bb5 Nf6 4.O-O Nxe4 5.d4 Nd6 6.Bxc6 dxc6 7.dxe5 Nf5 8.Qxd8+ Kxd8
9.Nc3 Ke8 10.h3 Be6 11.Rd1 Bb4 12.Ne2 Bd5 13.Nfd4 Nxd4 14.Nxd4 Rd8 15.Be3 a6
16.Rac1 Be4 17.c3  1/2-1/2

[Event "11th EICC Men"]
[Site "Rijeka CRO"]
[Date "2010.03.17"]
[Round "11"]
[White "Motylev,A"]
[Black "Sjugirov,S"]
[Result "1/2-1/2"]
[WhiteElo "2705"]
[BlackElo "2602"]

1.e4 c5 2.Nf3 d6 3.d4 cxd4 4.Nxd4 Nf6 5.Nc3 a6 6.Bg5 e6 7.f4 Be7 8.Qf3 Qc7
9.O-O-O Nbd7 10.g4 b5 11.Bxf6 Nxf6 12.g5 Nd7 13.f5 Bxg5+ 14.Kb1 O-O 15.fxe6 Nb6
16.Nd5 Nxd5 17.exd5 fxe6 18.Qg4 e5 19.Qxg5 exd4 20.Bd3 g6 21.Rhf1 Qg7 22.Rxf8+ Qxf8
23.Bxg6 hxg6 24.Qxg6+ Qg7 25.Qe8+ Kh7 26.Rf1 Kh6 27.Qe1 Qg5 28.Rf8 b4 29.Qf1 Qe7
30.Rh8+ Kg7 31.Rh5 Kg6 32.Rh8 Kg7 33.Rh5 Qe3 34.Qg2+ Kf6 35.Qf1+ Kg7 36.Qg2+ Kf6
37.Qf1+ Kg7 38.Qg2+ Kf6 39.Qf1+  1/2-1/2

[Event "Bundesliga 2009-10"]
[Site "Katernberg GER"]
[Date "2010.03.20"]
[Round "12"]
[White "Motylev,A"]
[Black "McShane,L"]
[Result "1/2-1/2"]
[WhiteElo "2710"]
[BlackElo "2615"]

1.e4 e5 2.Nf3 Nc6 3.Bb5 Nf6 4.O-O Nxe4 5.d4 Nd6 6.Bxc6 dxc6 7.dxe5 Nf5 8.Qxd8+ Kxd8
9.Nc3 h6 10.h3 Bd7 11.b3 Ne7 12.Bb2 b6 13.Rfd1 Kc8 14.a4 a5 15.Rd2 c5 16.Nb5 Be6
17.c4 Ng6 18.Kh2 Be7 19.g3 Kb7 20.Rad1 Rae8 21.Ne1 Bg5 22.Rd3 Bf5 23.Rf3 Be6
24.Rfd3 Bf5 25.Rf3  1/2-1/2

[Event "6th TCh-CHN"]
[Site "Ningbo CHN"]
[Date "2010.04.16"]
[Round "1"]
[White "Ma Qun"]
[Black "Motylev,A"]
[Result "1/2-1/2"]
[WhiteElo "2369"]
[BlackElo "2705"]

1.e4 e5 2.Nf3 Nc6 3.Bb5 a6 4.Ba4 Nf6 5.Bxc6 dxc6 6.d3 Nd7 7.Nbd2 Bc5 8.Nc4 O-O
9.Be3 Bxe3 10.Nxe3 Re8 11.Qd2 a5 12.O-O c5 13.Qc3 b6 14.Nd2 Nf8 15.f4 exf4
16.Nd5 Ne6 17.Nxf4 Nxf4 18.Rxf4 Qd4+ 19.Qxd4 cxd4 20.Nf3 c5 21.a4 Bd7 22.b3 Rac8
23.Nd2 Rc6 24.Raf1 Re7 25.Nc4 h6 26.g3 Bh3 27.R1f2 h5 28.e5 Rce6 29.Re4 Rc6
30.Nd6 g6 31.Rf6 Be6 32.Kf2 Bd5 33.Re1 Kg7 34.Rf4 Rcc7 35.Rf6 Be6 36.h4 Rc6  1/2-1/2

[Event "6th TCh-CHN"]
[Site "Ningbo CHN"]
[Date "2010.04.17"]
[Round "2"]
[White "Motylev,A"]
[Black "Zhou Jianchao"]
[Result "1/2-1/2"]
[WhiteElo "2705"]
[BlackElo "2650"]

1.e4 e5 2.Nf3 Nc6 3.Bb5 Nf6 4.O-O Nxe4 5.d4 Nd6 6.Bxc6 dxc6 7.dxe5 Nf5 8.Qxd8+ Kxd8
9.Nc3 Bd7 10.h3 h6 11.b3 c5 12.Rd1 Kc8 13.Bb2 Be6 14.Nd5 g5 15.c4 b6 16.Rd2 Kb7
17.Rad1 Ne7 18.Nf6  1/2-1/2

[Event "6th TCh-CHN"]
[Site "Ningbo CHN"]
[Date "2010.04.18"]
[Round "3"]
[White "Motylev,A"]
[Black "Li Shilong"]
[Result "1-0"]
[WhiteElo "2705"]
[BlackElo "2514"]

1.e4 c5 2.Nf3 e6 3.d4 cxd4 4.Nxd4 Nc6 5.Nc3 Qc7 6.Be3 a6 7.Qd2 Nf6 8.O-O-O Bb4
9.f3 O-O 10.g4 b5 11.g5 Nh5 12.Nde2 f6 13.Ng3 Nxg3 14.hxg3 fxg5 15.f4 Rf7
16.Bd3 Bb7 17.a3 Ba5 18.e5 h6 19.Bg6 Nd8 20.fxg5 Bxc3 21.bxc3 Bxh1 22.Rxh1 Qxe5
23.gxh6  1-0

[Event "TCh-CHN"]
[Site "Ningbo City CHN"]
[Date "2010.04.18"]
[Round "3"]
[White "Motylev,A"]
[Black "Li Shilong"]
[Result "1-0"]
[WhiteElo "2704"]
[BlackElo "2514"]

1.e4 c5 2.Nf3 e6 3.d4 cxd4 4.Nxd4 Nc6 5.Nc3 Qc7 6.Be3 a6 7.Qd2 Nf6 8.O-O-O Bb4
9.f3 O-O 10.g4 b5 11.g5 Nh5 12.Nde2 f6 13.Ng3 Nxg3 14.hxg3 fxg5 15.f4 Rf7
16.Bd3 Bb7 17.a3 Ba5 18.e5 h6 19.Bg6 Nd8 20.fxg5 Bxc3 21.bxc3 Bxh1 22.Rxh1 Qxe5
23.gxh6 Qf6 24.Bxf7+ Nxf7 25.hxg7 d6 26.Qg2 Rc8 27.Bd4 e5 28.Qh3 Qh6+ 29.Qxh6 Nxh6
30.Rxh6 Kxg7 31.Rxd6 exd4 32.cxd4 Ra8 33.Kb2 Kf7 34.Rb6 Ke7 35.Kb3 Kd7 36.Kb4 Rc8
37.c3 a5+ 38.Kb3 a4+ 39.Kb2  1-0

[Event "11th Karpov"]
[Site "Poikovsky RUS"]
[Date "2010.06.02"]
[Round "1"]
[White "Onischuk,Al"]
[Black "Motylev,A"]
[Result "1/2-1/2"]
[WhiteElo "2699"]
[BlackElo "2704"]

1.d4 d5 2.c4 c6 3.Nc3 Nf6 4.e3 e6 5.Nf3 a6 6.c5 Nbd7 7.b4 b6 8.Bb2 a5 9.a3 Be7
10.Bd3 O-O 11.Qc2 Qc7 12.O-O Ba6 13.Bxa6 Rxa6 14.Rfc1 Qb7 15.Rab1 axb4 16.axb4 Rfa8
17.h3 Bd8 18.Nd2 b5 19.f4 Bc7 20.Nf3 Nf8 21.Rf1 N6d7 22.Rbe1 Re8 23.g4 Bb8
24.Re2 Qc8 25.Rg2 Qd8 26.h4 f6 27.g5 Ng6 28.h5 Ne7 29.Nh4 f5 30.Nf3 Qc8 31.Qb3 Nf8
32.Kf2 Qb7 33.Rgg1 Bc7 34.Ra1 Rea8 35.Rxa6 Rxa6 36.Qc2 Qc8 37.Nd2 Qe8 38.Qd1 Nd7
39.Qe2 Nb8 40.Rh1 Ra8 41.Qd1 Na6 42.Qb3 Qc8 43.h6 g6 44.Ra1  1/2-1/2

[Event "11th Karpov"]
[Site "Poikovsky RUS"]
[Date "2010.06.03"]
[Round "2"]
[White "Motylev,A"]
[Black "Sokolov,Ivan"]
[Result "1/2-1/2"]
[WhiteElo "2704"]
[BlackElo "2654"]

1.e4 e5 2.Nf3 Nc6 3.Bb5 Bc5 4.c3 f5 5.d4 fxe4 6.Bxc6 dxc6 7.Nxe5 Bd6 8.Qh5+ g6
9.Qe2 Bf5 10.Nd2 Bxe5 11.dxe5 Qd5 12.Nc4 Be6 13.b3 O-O-O 14.O-O Qd3 15.Qb2 Bxc4
16.bxc4 Qxc4 17.Qa3 a6 18.Rb1 c5 19.Bg5 Rd3 20.e6 b6 21.Rfe1 h6 22.e7 Kd7
23.f3 e3 24.Rbd1 Nxe7 25.Rxd3+ Qxd3 26.Qa4+ Qb5 27.Qd1+ Ke8 28.Bf6 Rf8  1/2-1/2

[Event "11th Karpov"]
[Site "Poikovsky RUS"]
[Date "2010.06.05"]
[Round "4"]
[White "Motylev,A"]
[Black "Vitiugov,N"]
[Result "1/2-1/2"]
[WhiteElo "2704"]
[BlackElo "2707"]

1.e4 e6 2.d4 d5 3.Nc3 Nf6 4.e5 Nfd7 5.f4 c5 6.Nf3 Nc6 7.Be3 Be7 8.Qd2 O-O
9.Be2 b6 10.Nd1 f5 11.c4 cxd4 12.Nxd4 Nxd4 13.Bxd4 dxc4 14.Bxc4 Nc5 15.Nc3 Qc7
16.O-O-O  1/2-1/2

[Event "11th Karpov"]
[Site "Poikovsky RUS"]
[Date "2010.06.06"]
[Round "5"]
[White "Sutovsky,E"]
[Black "Motylev,A"]
[Result "1/2-1/2"]
[WhiteElo "2661"]
[BlackElo "2704"]

1.e4 e5 2.Nf3 Nc6 3.Bb5 Nf6 4.O-O Nxe4 5.d4 Nd6 6.Bxc6 dxc6 7.dxe5 Nf5 8.Qxd8+ Kxd8
9.h3 Ke8 10.Nc3 h5 11.Rd1 Be7 12.Bf4 Bd7 13.Rd3 Rd8 14.Rad1 Bc8 15.Rxd8+ Bxd8
16.Bg5 Be7 17.Bxe7 Nxe7 18.Nh4 g5 19.Nf3 g4 20.Ng5 Ng6 21.Re1  1/2-1/2

[Event "11th Karpov"]
[Site "Poikovsky RUS"]
[Date "2010.06.07"]
[Round "6"]
[White "Motylev,A"]
[Black "Karjakin,Sergey"]
[Result "1/2-1/2"]
[WhiteElo "2704"]
[BlackElo "2739"]

1.e4 e5 2.Nf3 Nc6 3.Bb5 Nf6 4.O-O Nxe4 5.d4 Nd6 6.Bxc6 dxc6 7.dxe5 Nf5 8.Qxd8+ Kxd8
9.Nc3 Ke8 10.h3 h5 11.Rd1 Be7 12.Ne2 Be6 13.Nf4 Bc8 14.Ne2 Be6 15.Nf4 Bc8
16.Ne2 Be6 17.Nf4  1/2-1/2

[Event "11th Karpov"]
[Site "Poikovsky RUS"]
[Date "2010.06.09"]
[Round "7"]
[White "Jobava,Ba"]
[Black "Motylev,A"]
[Result "1-0"]
[WhiteElo "2715"]
[BlackElo "2704"]

1.e4 e5 2.Nf3 Nf6 3.Nxe5 d6 4.Nf3 Nxe4 5.Nc3 Nxc3 6.dxc3 Be7 7.Bf4 Nc6 8.Bb5 a6
9.Bxc6+ bxc6 10.Qd3 O-O 11.O-O-O Bg4 12.h4 Qc8 13.Bg5 f6 14.Bd2 Bf5 15.Qc4+ Qe6
16.Qa4 c5 17.Rde1 Qf7 18.h5 Rfd8 19.b3 a5 20.Qf4 Bd7 21.c4 a4 22.Bc3 axb3
23.axb3 d5 24.cxd5 Bd6 25.Qe4 c4 26.Qxc4 c6 27.dxc6 Qxc4 28.bxc4 Bxc6 29.Rh4 Bxf3
30.gxf3 Ra3 31.Bd4 Rxf3 32.c3 Rf5 33.Kc2 Kf7 34.Rb1 Rd7 35.Rb5 Be5 36.Kb3 Rf3
37.Bxe5 fxe5 38.Rxe5 Kf6 39.Rhe4 Rxf2 40.c5 Rc7 41.Kc4 Rf5 42.Rxf5+ Kxf5
43.Re3 Kf4 44.Re6 Kf5 45.Rd6 Ke5 46.Kb5 Rb7+ 47.Ka6 Rb3 48.Rd3 Ke4 49.Rg3 Ke5
50.Re3+ Kf4 51.Rh3 Ke5 52.Rg3 h6 53.Re3+ Kf4 54.Rh3 Kg4 55.Rd3 Kxh5 56.c6 Ra3+
57.Kb6 Rb3+ 58.Kc5  1-0

[Event "11th Karpov"]
[Site "Poikovsky RUS"]
[Date "2010.06.10"]
[Round "8"]
[White "Motylev,A"]
[Black "Jakovenko,D"]
[Result "0-1"]
[WhiteElo "2704"]
[BlackElo "2725"]

1.e4 c5 2.Nf3 Nc6 3.Bb5 e6 4.Bxc6 bxc6 5.d3 Ne7 6.Qe2 d5 7.b3 f6 8.e5 Ng6
9.Bb2 Be7 10.Nbd2 a5 11.a4 O-O 12.O-O-O f5 13.h4 Nh8 14.Ng5 Nf7 15.Nxf7 Rxf7
16.h5 Ba6 17.f4 c4 18.dxc4 Qb6 19.Rh3 Rb8 20.g4 dxc4 21.Nxc4 fxg4 22.Qxg4 Bxc4
23.f5 Bd5 24.f6 Bc5 25.c4 Be3+  0-1

[Event "11th Karpov"]
[Site "Poikovsky RUS"]
[Date "2010.06.11"]
[Round "9"]
[White "Naiditsch,A"]
[Black "Motylev,A"]
[Result "1/2-1/2"]
[WhiteElo "2686"]
[BlackElo "2704"]

1.e4 e5 2.Nf3 Nc6 3.Bb5 Nf6 4.O-O Nxe4 5.d4 Be7 6.Qe2 Nd6 7.Bxc6 bxc6 8.dxe5 Nb7
9.Nd4 O-O 10.Nc3 Bc5 11.Rd1 Re8 12.Qh5 Bxd4 13.Rxd4 d5 14.Bd2 Qd7 15.Rf4 Qe6
16.Re1 Qg6 17.Qxg6  1/2-1/2

[Event "11th Karpov"]
[Site "Poikovsky RUS"]
[Date "2010.06.12"]
[Round "10"]
[White "Motylev,A"]
[Black "Riazantsev,A"]
[Result "1/2-1/2"]
[WhiteElo "2704"]
[BlackElo "2674"]

1.e4 c6 2.d4 d5 3.e5 Bf5 4.Nf3 e6 5.Be2 Ne7 6.O-O c5 7.c4 Nbc6 8.Na3 dxc4
9.Nxc4 Nd5 10.Bg5 Qd7 11.Rc1 h6 12.Be3 b5 13.Na3 a6 14.dxc5 Be7 15.Nc2 Nxe3
16.Nxe3 Be4 17.a4 Qb7 18.axb5 axb5 19.Qb3 Rb8 20.Qc3 Qc7 21.Nd4 b4 22.Qc4  1/2-1/2